00909nam a2200241 a 4500001001000000003000500010005001700015008004100032010001100073011001100084040000900095100003200104245013600136260004000272500006000312502010400372650002800476650002600504650002500530650002200555650002000577856007000597000112263CHAP20220329144253.0160120s2015 mx a fsm |||||||spa d a108724 a109696 cCHAP1 aLuna Coronel, Ma. Enriqueta10aEvaluación de la sustentabilidad en dos regiones apicolas del Estado de Zacatecas/h[En línea]cpor Ma. Enriqueta Luna Coronel. aZacatecas, Zac. :bEl autor,c2015. aPara ver el contenido del material haga clic en la liga aTesis (M.C. en Desarrollo Rural Regional) -- UACH. Dirección de Centros Regionales Universitarios14aApicultura sustentable.14aApiculturaxZacatecas14aCultivosxZacatecas.14aDesarrollo rural.14aPolinización. aFinding aiduhttp://10.13.5.2/tesis/sist112263.pdfzTeclea aquí